Statistics for Banshee Characters

Click here to take the quiz!

General Stats

  • This quiz has been taken 9 times
  • The average score is 16 of 30

Answer Stats

HintAppearancesAnswer% Correct
Known as 'Ana'All seasonsCarrie
100%
Main character's best friendAll seasonsJob
100%
Bar ownerAll seasonsSugar
89%
Brother of character aboveSeasons 3, 4Calvin Bunker
78%
Leader of the RedbonesSeasons 2, 3Chayton
78%
Owns a butcheryAll seasonsKai Proctor
78%
Joins the police in S3, covered in tattoosSeasons 3, 4Kurt Bunker
78%
Female policemanSeasons 1, 2, 3Siobhan
78%
Bald policeman, recurrent characterAll seasonsBrock
67%
Main character's daughterAll seasonsDeva
67%
Ana's husbandSeasons 1, 2, 3Gordon Hopewell
67%
Main characterAll seasonsHood
67%
Villain in first seasonSeasons 1, 2Rabbit
67%
Niece of butchery ownerAll seasonsRebecca Bowman
67%
Prisoner, fights with main character in S1Season 1The Albino
67%
Chief of the Kinaho TribeSeasons 1, 2, 3Alex Longshadow
56%
Personal assistant of character aboveAll seasonsBurton
56%
Black policemanSeasons 1, 2Emmett
56%
Wife of character aboveSeason 4Maggie
56%
Sheriff of Kinaho Police DepartmentSeasons 3, 4Billy Raven
44%
Son of the real sheriffSeasons 1, 2, 3Jason Hood
44%
Sister of character aboveSeasons 1, 2, 3Nola
44%
Ukrainian assistant of character aboveSeason 1Olek
33%
SatanistSeason 4Declan
22%
Colonel at Camp GenoaSeason 3Douglas Stowe
22%
Ex-wife of character aboveSeason 3Emily
22%
Head of security at Camp GenoaSeasons 3, 4Leo Fitzpatrick
11%
Female deputy, appears in Season 4Season 4Nina
11%
Dad of character aboveSeason 4Randall
11%
FBI agent (female)Season 4Veronica Dawson
11%

Score Distribution

Percentile by Number Answered

Percent of People with Each Score

Your Score History

You have not taken this quiz